| 000 | 00802nam a2200205 a 4500 | ||
|---|---|---|---|
| 008 | 071016s1995 ||||||||||||||||| || u | ||
| 050 | _aIBRD(06)DD/1996/7 | ||
| 100 | _aQureshi, Zia | ||
| 245 | 1 | 0 | _aGlobal capital supply and demand: is there enough to go around? |
| 260 |
_aWshington, D. C.: _bThe Wrold Bank _c1995 |
||
| 300 | _av, 24p.: ill. | ||
| 350 | _a0.00 | ||
| 490 | _aDirections in development | ||
| 650 | _aCAPITAL MARKET | ||
| 650 | _aCAPITAL MOVEMENTS--DEVELOPING COUNTRIES | ||
| 650 | _aINVESTMENTS, FOREIGN --DEVELOPING COUNTRIES | ||
| 650 | _aSAVING AND INVESTMENT--DEVELOPING COUNTRIES | ||
| 710 | _aWorld Bank | ||
| 995 |
_D0.00 _FCBU-MAIN LIBRARY (Kitwe) _H1 _I0.00 _M1 _UAVAILABLE _WOct 16, 2007 _ZInternational Publications |
||
| 999 |
_c44617 _d44617 |
||